000 00780nam a2200241Ia 4500
003 OSt
005 20220926032740.0
006 a|||||r|||| 00| 0
007 ta
008 220923b |||||||| |||| 00| 0 eng d
037 _cGeneral Book
040 _aRTL
_cRTL
_beng
041 _2eng
_aeng
082 _aX:31.42.N5, J9
100 _aTAKAHASHI Chotaro, and others
_9338008
245 0 _aDynamic changes in income and its distribution in
260 _aTokyo
_bKinokuniya Bookstore
_c1959
300 _aiv,183p
_ccm.
490 _aHitotsubashi University, Institute of Economic Research, Economic Research Series.3
500 _aAppendix: P 129-83
942 _hX:31.42.N5, J9
_cGB
_2CC
999 _c655535
_d655535